| 000 | 00371nam a2200121Ia 4500 | ||
|---|---|---|---|
| 008 | 220615s9999||||xx |||||||||||||| ||und|| | ||
| 245 | 0 |
_aTungsten Carbide _bProcessing and Applications |
|
| 546 | _aEnglish[eng] | ||
| 650 | _aSolid state chemistry | ||
| 700 | _aLiu, Kui | ||
| 856 | _uhttps://mts.intechopen.com/storage/books/2779/authors_book/authors_book.pdf | ||
| 942 | _cEB | ||
| 999 |
_c7575 _d7575 |
||